000 00614cam a22002053a 4500
001 39767
003 PGUSA
005 20140828083903.0
008 120522s2012||||xxu|||||s|||||000 | eng d
040 _aPGUSA
_beng
042 _adc
100 1 _aSmith, George Adam,
_d1856-1942
245 1 0 _aExpositor's Bible :
_bThe Book of Isaiah, Volume I (of 2)
_h[electronic resource] /
_cGeorge Adam Smith
260 _bProject Gutenberg,
_c2012
506 _aPublic domain in the USA.
516 _aElectronic text
830 0 _aProject Gutenberg
_v39767
856 4 0 _uhttp://www.gutenberg.org/ebooks/39767
942 _cEB
999 _c269020
_d269020